Mixed Word: David Bowie Songs Quiz Stats

 Plays Quiz Updated Mar 19, 2019

Score 0/20 Timer 04:00
1 Play Today
Scrambled Song Unscrambled Song % Correct
FIEL NO SMRA?LIFE ON MARS?
94.8%
MAFEFAME
94.5%
ACPSE DITODYSPACE ODDITY
93.2%
GZGIY TASSUDTRZIGGY STARDUST
89.5%
IFVE ARYESFIVE YEARS
88.8%
SSAHE OT AESHSASHES TO ASHES
84.8%
SLTE NEACDLET'S DANCE
79.3%
BLREE RLEEBREBEL REBEL
78.3%
FSTAUEFGRTE YCITSUFFRAGETTE CITY
73.2%
HAECSNGCHANGES
72.8%
Scrambled Song Unscrambled Song % Correct
MIDDAON GODSDIAMOND DOGS
70.9%
LGOEND AREYSGOLDEN YEARS
69.7%
OHEERSHEROES
69.5%
NEOMRD VEOLMODERN LOVE
67.6%
GYNOU SICANEARMYOUNG AMERICANS
62.6%
RSAZAULLAZARUS
60.4%
ITSANTO OT ONSTITASTATION TO STATION
53.2%
TSRNMAASTARMAN
53%
ASIFCTANT OEAGYVFANTASTIC VOYAGE
36.1%
MEONAOG ADDMRYEAMOONAGE DAYDREAM
28.6%

You're not logged in!

Compare scores with friends on all Sporcle quizzes.
OR
Log In

Sporcle TV

Today on Sporcle TV


Watch our educational content, quiz creation guides, and fun videos on Sporcle TV.

Show Comments

Extras

Top Quizzes Today


Score Distribution

Your Account Isn't Verified!

In order to create a playlist on Sporcle, you need to verify the email address you used during registration. Go to your Sporcle Settings to finish the process.

Report this User

Report this user for behavior that violates our Community Guidelines.

Details: